书目信息 |
| 题名: |
为什么精英都有超强专注力
|
|
| 作者: | 西多昌规 著 ;李汉庭 译 | |
| 分册: | ||
| 出版信息: | 长沙 湖南文艺出版社 2018 |
|
| 页数: | 194页 | |
| 开本: | 21cm | |
| 丛书名: | ||
| 单 册: | ||
| 中图分类: | B842.3 | |
| 科图分类: | ||
| 主题词: | 注意--zhu yi--能力培养--通俗读物 | |
| 电子资源: | ||
| ISBN: | 978-7-5404-8620-4 | |
| 000 | 01468nam0 2200289 450 | |
| 001 | 1950625469 | |
| 005 | 20180530145743.1 | |
| 010 | @a978-7-5404-8620-4@dCNY 45.00 | |
| 099 | @aCAL 012018063621 | |
| 100 | @a20180530d2018 em y0chiy50 ea | |
| 101 | 1 | @achi@cjpn |
| 102 | @aCN@b430000 | |
| 105 | @ay z 000yy | |
| 200 | 1 | @a为什么精英都有超强专注力@Awei shen me jing ying dou you chao qiang zhuan zhu li@f(日) 西多昌规著@g李汉庭译 |
| 210 | @a长沙@c湖南文艺出版社@d2018 | |
| 215 | @a194页@d21cm | |
| 306 | @a本书中文译稿由城邦文化事业股份有限公司脸谱出版事业部授权使用 | |
| 312 | @a封面有日文并列题名 | |
| 314 | @a西多昌规,日本著名医学博士,神经科医师。斯坦福大学医学院睡眠与神经生物学实验室客座讲师。出版作品多部,包括《定力》、《图解完全消除疲劳法》、《不被情绪左右的28个练习》等。 | |
| 330 | @a本书讲述专注力,是手机成瘾的分心年代,最为稀缺的心灵资产。拥有超强专注力的人,内心更强大。日本著名医学博士、斯坦福大学客座讲师、哈佛医学院研究员,从身体体能到心理技巧,教你全方位的注意力集中术:八堂课让你了解大脑习惯,提升专注力;调整生理时钟,强化专注力的七项技术;设定目标、提升专注力的七个方法;在网络时代维持专注力的五大诀窍;强化专注力的八个生活习惯;六种休息好方法让你持续专注。 | |
| 333 | @a心理学读物爱好者、青年读者及相关读者。 | |
| 606 | 0 | @a注意@Azhu yi@x能力培养@j通俗读物 |
| 690 | @aB842.3@v4 | |
| 701 | 0 | @a西多昌规@Axi duo chang gui@4著 |
| 702 | 0 | @a李汉庭@ALi Hanting@4译 |
| 801 | 0 | @aCN@bNEU @c20180530 |
| 905 | @aBZT@dB842.3@e10 | |
| 为什么精英都有超强专注力/(日) 西多昌规著/李汉庭译.-长沙:湖南文艺出版社,2018 |
| 194页;21cm |
| 使用对象:心理学读物爱好者、青年读者及相关读者。 |
| ISBN 978-7-5404-8620-4:CNY 45.00 |
| 本书讲述专注力,是手机成瘾的分心年代,最为稀缺的心灵资产。拥有超强专注力的人,内心更强大。日本著名医学博士、斯坦福大学客座讲师、哈佛医学院研究员,从身体体能到心理技巧,教你全方位的注意力集中术:八堂课让你了解大脑习惯,提升专注力;调整生理时钟,强化专注力的七项技术;设定目标、提升专注力的七个方法;在网络时代维持专注力的五大诀窍;强化专注力的八个生活习惯;六种休息好方法让你持续专注。 |
| ● |
| 相关链接 |
|
|
|
正题名:为什么精英都有超强专注力
索取号:B842.3/10
 
预约/预借
| 序号 | 登录号 | 条形码 | 馆藏地/架位号 | 状态 | 备注 |
| 1 | 868543 | 2000868543 | 第二书库/ [索取号:B842.3/10] | 在馆 | |
| 2 | 868544 | 2000868544 | 第二书库/ [索取号:B842.3/10] | 在馆 | |
| 3 | 868545 | 2000868545 | 第二书库/ [索取号:B842.3/10] | 在馆 |